书目信息 |
| 题名: |
中国妆束
|
|
| 作者: | 左丘萌 著 ;末春 绘 | |
| 分册: | ||
| 出版信息: | 北京 清华大学出版社 2024.01 |
|
| 页数: | 293页, [4] 页图版 | |
| 开本: | 25cm | |
| 丛书名: | ||
| 单 册: | ||
| 中图分类: | TS941.742.44 , TS941.742 | |
| 科图分类: | ||
| 主题词: | 服饰--fu shi--研究--中国--宋代 | |
| 电子资源: | ||
| ISBN: | 978-7-302-64082-0 | |
| 000 | 01230nam0 2200289 450 | |
| 001 | 94817 | |
| 005 | 20250820212601.04 | |
| 010 | @a978-7-302-64082-0@b精装@dCNY149.00 | |
| 100 | @a20240221d2024 em y0chiy50 ea | |
| 101 | 0 | @achi |
| 102 | @aCN@b110000 | |
| 105 | @aaf a 000yy | |
| 106 | @ar | |
| 200 | 1 | @a中国妆束@Azhong guo zhuang shu@e宋时天气宋时衣@f左丘萌著@g末春绘 |
| 210 | @a北京@c清华大学出版社@d2024.01 | |
| 215 | @a293页, [4] 页图版@c彩图@d25cm | |
| 314 | @a左丘萌, 青年学者, 业余作者与译者。研究古代服饰史与服饰复原考据, 也写历史小说。未春, 独立画, 手艺人, 现居杭州和景德镇两地, 在画画的同时进行陶艺釉下彩创作, 喜欢用照片和视频记录日常。 | |
| 320 | @a有书目 (第282-284页) | |
| 330 | @a本书讲述两宋时代女性服饰的变迁。尝试以宋时诸家诗词、笔记小说记载为核心文本线索, 对照出土文物, 以穿用衣物 (装服)、冠梳钗钏 (首饰) 梳洗打扮 (妆发) 三个部分, 分别探寻了解当时佳人妆束流变的具体模样与组合搭配。 | |
| 517 | 1 | @a宋时天气宋时衣@Asong shi tian qi song shi yi |
| 606 | 0 | @a服饰@Afu shi@x研究@y中国@z宋代 |
| 690 | @aTS941.742.44@v5 | |
| 690 | @aTS941.742@v4 | |
| 701 | 0 | @a左丘萌@Azuo qiu meng@4著 |
| 702 | 0 | @a末春@Amo chun@4绘 |
| 801 | 0 | @aCN@c20250909 |
| 905 | @a河南城建学院图书馆@dTS941.742@eZ991@f1 | |
| 中国妆束:宋时天气宋时衣/左丘萌著/末春绘.-北京:清华大学出版社,2024.01 |
| 293页, [4] 页图版:彩图;25cm |
| ISBN 978-7-302-64082-0(精装):CNY149.00 |
| 本书讲述两宋时代女性服饰的变迁。尝试以宋时诸家诗词、笔记小说记载为核心文本线索, 对照出土文物, 以穿用衣物 (装服)、冠梳钗钏 (首饰) 梳洗打扮 (妆发) 三个部分, 分别探寻了解当时佳人妆束流变的具体模样与组合搭配。 |
| ● |
| 相关链接 |
|
|
|
正题名:中国妆束
索取号:TS941.742/Z991
 
预约/预借
| 序号 | 登录号 | 条形码 | 馆藏地/架位号 | 状态 | 备注 |
| 1 | 1629033 | 216290332 | 自科库501/501自科库 44排1列1层/ [索取号:TS941.742/Z991] | 在馆 |